[Event "FIDE World Cup"]
[Site "Tbilisi"]
[Date "2017.09.05"]
[Round "1.3"]
[White "Amin, Bassem"]
[Black "Erdos, Viktor"]
[Result "1/2-1/2"]
[WhiteElo "2680"]
[BlackElo "2628"]
[PlyCount "108"]
[EventDate "2017.09.03"]
[EventType "k.o."]
[EventRounds "7"]
[EventCountry "GEO"]
[SourceTitle "CBM 181"]
[Source "ChessBase"]
[SourceDate "2017.11.10"]
[SourceVersion "1"]
[SourceVersionDate "2017.11.10"]
[SourceQuality "1"]

1. e4 c5 2. d3 Nc6 3. g3 Nf6 4. Bg2 d5 5. Nd2 e5 6. Ngf3 Be7 7. O-O O-O 8. a4
Qc7 9. exd5 Nxd5 10. Nc4 Rd8 11. Re1 f6 12. c3 Be6 13. Nfd2 Nb6 14. Nxb6 axb6
15. Qc2 b5 16. f4 Qd7 17. Nf3 Qxd3 18. Qxd3 Rxd3 19. fxe5 Bg4 20. exf6 gxf6 21.
Nh4 Rxa4 22. Rxa4 bxa4 23. Bf4 Rd1 24. Rxd1 Bxd1 25. Nf5 Kf7 26. Bd5+ Ke8 27.
Nd6+ Kd7 28. Nxb7 Ne5 29. Bxe5 fxe5 30. Kf2 Kc7 31. Ke1 Bc2 32. Kd2 Bf5 33. Na5
Bg5+ 34. Ke2 Kd6 35. Bg8 Bg4+ 36. Ke1 h5 37. Nc4+ Kc7 38. Nxe5 Bc1 39. Nxg4
hxg4 40. Kd1 Bxb2 41. Kc2 Ba1 42. Be6 Kd6 43. Bxg4 c4 44. Be2 Kc5 45. g4 a3 46.
Kb1 Bxc3 47. Bd1 Bf6 48. Ka2 Kb4 49. h3 Be7 50. Be2 Kc3 51. g5 Kd4 52. Bxc4
Kxc4 53. g6 Bf8 54. g7 Bxg7 1/2-1/2

[Event "FIDE World Cup"]
[Site "Tbilisi"]
[Date "2017.09.05"]
[Round "1.3"]
[White "Andreikin, Dmitry"]
[Black "Goganov, Aleksey"]
[Result "1-0"]
[WhiteElo "2706"]
[BlackElo "2586"]
[PlyCount "101"]
[EventDate "2017.09.03"]
[EventType "k.o."]
[EventRounds "7"]
[EventCountry "GEO"]
[SourceTitle "CBM 181"]
[Source "ChessBase"]
[SourceDate "2017.11.10"]
[SourceVersion "1"]
[SourceVersionDate "2017.11.10"]
[SourceQuality "1"]

1. d4 Nf6 2. c4 e6 3. Nc3 Bb4 4. Qc2 O-O 5. e4 d5 6. e5 Ne4 7. Bd3 c5 8. Nf3
cxd4 9. Nxd4 Nd7 10. Bf4 Ndc5 11. O-O Nxd3 12. Qxd3 Nxc3 13. bxc3 Be7 14. Rad1
dxc4 15. Qg3 Qe8 16. Bh6 g6 17. Bxf8 Bxf8 18. Nc2 b5 19. Ne3 Bb7 20. Ng4 Bg7
21. Rd6 Qe7 22. Rfd1 Bd5 23. h4 a5 24. h5 b4 25. h6 Bh8 26. Qf4 Qh4 27. Rd7 Rf8
28. R1xd5 exd5 29. g3 Qh5 30. Rxd5 bxc3 31. Rc5 Qh3 32. Qxc4 c2 33. Ne3 Qxh6
34. Qxc2 Qh3 35. Rxa5 Bg7 36. Rd5 h5 37. Ng2 Bh6 38. Qd3 Kg7 39. Rc5 Qe6 40. a4
Rb8 41. Nh4 Rb2 42. Rc7 Qb6 43. Rc2 Rb1+ 44. Kg2 Qb7+ 45. Qf3 Qa6 46. Qe2 Qxa4
47. e6 Qe8 48. Rc7 Qa8+ 49. Nf3 g5 50. Rxf7+ Kg8 51. Qd3 1-0

[Event "FIDE World Cup"]
[Site "Tbilisi"]
[Date "2017.09.05"]
[Round "1.3"]
[White "Bacrot, Etienne"]
[Black "Fier, Alexandr"]
[Result "1-0"]
[WhiteElo "2715"]
[BlackElo "2579"]
[Annotator "Sumets,A"]
[PlyCount "227"]
[EventDate "2017.09.03"]
[EventType "k.o."]
[EventRounds "7"]
[EventCountry "GEO"]
[SourceTitle "CBM 181"]
[Source "ChessBase"]
[SourceDate "2017.11.10"]
[SourceVersion "1"]
[SourceVersionDate "2017.11.10"]
[SourceQuality "1"]

1. e4 c6 2. d4 d5 3. exd5 cxd5 4. Bd3 Nc6 5. c3 Nf6 6. Bf4 Bg4 7. Qb3 Na5 8.
Qa4+ Bd7 9. Qc2 e6 {I wouldn't recommend this continuation for Black. It seems
to me that Black should try to trade light-squared bishops or to develop his
dark-squared bishop on g7. In this case it will not be easy for White to
launch an attack on the kingside.} (9... g6 10. Nf3 Bg7 11. O-O (11. Nbd2 Rc8
12. Ne5 (12. h3 O-O 13. O-O {- Kritz,L- Leitao,R FIDE-Wch ko Tripoli 2014,
annotated by Dautov,R}) 12... Nc6 13. Nxc6 Bxc6 14. Be5 O-O 15. O-O e6 16. Rfe1
Qd7 17. Nf3 Bb5 18. a4 Bxd3 19. Qxd3 Qc6 $11 {Dumont,S (2331)-Leitao, R (2564)
Sao Paulo 2004 0-1 (45)}) 11... O-O 12. Qe2 Nh5 13. Be3 Qc7 14. Nbd2 Rfe8 15.
Rfe1 Rac8 16. h3 Nf4 17. Bxf4 Qxf4 18. Qe3 $6 (18. Ne5 Rc7 19. Ndf3 Nc6 20. g3
Qf6 21. Nxd7 Rxd7 22. h4 e5 $11) 18... Qxe3 19. Rxe3 f6 20. Rae1 Kf7 21. R3e2
b5 22. g4 Nb7 {1/2 (22) Megaranto,S (2499)-Khenkin,I (2610) Amsterdam 2005} (
22... Nc4 $5 23. Nxc4 bxc4 24. Bc2 Rc7 $15)) (9... a6 10. a4 Bg4 11. Nd2 Bh5
12. Ngf3 Bg6 13. Ne5 e6 (13... Bxd3 14. Qxd3 e6 15. b4 Nc6 16. Nxc6 bxc6 17.
O-O Bd6 18. Bxd6 Qxd6 19. Nb3 $14 {Zozulia,A (2328)-Kasparov,S (2500)
Differdange 2007 1/2 (48)}) 14. O-O Bd6 15. Rfe1 O-O 16. Nxg6 hxg6 17. Be5 Bxe5
18. dxe5 Nd7 19. b4 Nc6 $11 {Campora,D (2540)-Tukmakov,V (2590) Biel 1988 0-1 
(42)}) 10. Nf3 Qb6 {As far as I know, this line has been considered as
difficult for Black since the game Fischer,R-Petrosian,T.} 11. O-O $6 {I think
that both players were not well prepared. Alexandr has chosen a risky line and
Etienne has allowed him to trade light-squared bishops.} (11. a4 $1 {I think
that after this move Black's position is unpleasant.} Rc8 (11... Qb3 12. Qe2 $1
(12. Nbd2 Qxc2 13. Bxc2 Nc6 14. h3 {is slightly better for White.}) 12... Bxa4
$2 (12... Nc4 13. Bc1 a5 14. O-O Rc8 15. Nbd2 Nxd2 16. Bxd2 Bd6 17. Ne5 $16)
13. Rxa4 Qxa4 14. Bb5+ $18 {Robert Fischer}) ({Robert Fischer recommended} 
11... Nb3 12. Ra2 Rc8 13. O-O Be7) 12. Nbd2 Nc6 13. Qb1 Nh5 (13... g6 {Fischer,
R} 14. Ne5 Nxe5 15. Bxe5 Bg7 16. Nf3 O-O 17. O-O $14) 14. Be3 h6 (14... f5 $6
15. g4 fxg4 16. Ng5 $16) 15. Ne5 Nf6 16. h3 Bd6 17. O-O Kf8 $6 (17... O-O 18.
f4 Rfd8 19. Re1 $14) 18. f4 Be8 (18... Nxe5 $2 19. fxe5 Bxe5 20. a5 $18) 19.
Bf2 $16 {Fischer,R-Petrosian,T Belgrade 1970 1-0 (39)}) 11... Bb5 12. Bxb5+ ({
The position which has arisen isn't popular among titled players. Geza Maroczy
played} 12. Nbd2 {and didn't get any advantage against the world champion. It
was the only game between titled players:} Bxd3 13. Qxd3 Rc8 14. Rab1 Be7 15.
h3 O-O 16. Rfe1 Nc4 17. Nxc4 Rxc4 18. Ne5 Rcc8 19. Bg5 Qd8 20. Bxf6 gxf6 $11 {
Maroczy,G-Capablanca,J Lake Hopatcong 1926 0-1 (49)}) 12... Qxb5 13. Nbd2 Be7
14. Rae1 $146 {A novelty, which doesn't change the evaluation of this line as
harmless for Black.} (14. Ne5 O-O 15. Nb3 Nc4 16. Nxc4 Qxc4 17. Nd2 Qc6 18. Nf3
Nd7 19. Ne5 Nxe5 20. Bxe5 Rfc8 $11 {De Andrade,W (2178)-Molina, R (2100)
Brasilia 2003 1/2 (46)}) 14... Rc8 15. Ne5 Nc6 16. Qb1 (16. Ndf3 Nxe5 17. Bxe5
(17. Nxe5 O-O 18. Bg5 Bd6 19. Bxf6 gxf6 20. Ng4 f5 $11) 17... O-O 18. Ng5 g6
$11) 16... Nxe5 17. Bxe5 O-O $11 {Black hasn't any problems after the opening.}
18. Re3 {This is a typical plan for the Carlsbad structure.} g6 19. Bf4 Rfe8
20. Rfe1 Bf8 {Alexandr has found a solid setup.} 21. h4 Nh5 22. Bg5 Bg7 ({
Of course Black shouldn't play} 22... h6 $2 {due to} 23. g4 hxg5 24. gxh5 $16)
23. g4 Nf6 24. Bxf6 $8 Bxf6 25. g5 (25. h5 $2 Bg5 26. R3e2 gxh5 27. Nf3 Bf4 28.
gxh5 Kh8 $17) ({Probably Etienne could have tried} 25. Nf3 Bg7 26. h5 Qd7 27.
Ne5 Bxe5 28. Rxe5 f6 29. R5e3 gxh5 30. gxh5 Kh8 $11) 25... Bg7 26. f4 Qd7 {
Now everything is ready for the minority attack.} 27. Nf3 b5 28. b4 $2 {
Now Black has got an advantage. White cannot play Nd3, Nc5 so I think that
Etienne should have played 28.h5 or 28.Ne5 with an equal position.} (28. Ne5
Qe7 29. h5 b4 30. hxg6 hxg6 31. Rh3 bxc3 32. bxc3 Rc7 $11) (28. h5 b4 29. h6
Bf8 30. Ne5 Qb7 $11) 28... a5 $1 29. bxa5 $6 (29. a3 Rc4 30. Ne5 (30. h5 $2 Qc7
{[%cal Rc7f4,Rc4c3] White cannot protect both c3 and f4.} 31. h6 Bf8 $19) 30...
Bxe5 31. fxe5 Qc7 32. Rc1 Rc8 33. Rd3 $15) 29... Qc7 30. Ne5 Qxa5 31. Qb3 $2
Rc7 $2 (31... Bxe5 $1 32. fxe5 Rc4 {It would be difficult to advise something
good for White:} 33. Rf1 Rec8 34. Rff3 b4 $19) 32. Rf1 $6 {White still wants
to get counterplay on the kingside.} (32. Rb1 Rec8 33. Qxb5 Qxa2 34. Rb2 Qa3
35. Qb4 $15) 32... Rec8 33. Rff3 Qa4 $2 ({Once again Black could have got a
winning position after} 33... Bxe5 $1 34. fxe5 Rc4 35. Rd3 Ra4 36. Rf2 Ra3 37.
Qb2 Raxc3 38. Qd2 b4 $19) 34. Qxa4 bxa4 {Without queens White has good chances
to save the game.} 35. Kf1 Rb8 $15 (35... Bxe5 $5 36. fxe5 Rb8 37. Kg2 Rc4 $15
{I believe that White should make a draw.}) 36. Ng4 $5 {White wants to keep
some tension on the kingside, the knight can also kick the opponent's rook
from b2.} Rb1+ 37. Re1 Rb2 38. Re2 a3 39. Rd3 Rcb7 (39... h5 $1 40. Ne5 (40.
gxh6 $6 Bh8 41. Rh3 Kh7 $17) 40... Bf8 41. Kf2 Rb1 42. Re1 Rcb7 43. Rd2 Bd6 44.
Nd3 $15) 40. Rd1 Kf8 $6 41. Ke1 Ke7 42. Nf2 $11 Rxe2+ (42... Kd7 43. Rxb2 Rxb2
44. Rd2 $11) 43. Kxe2 Rb2+ 44. Rd2 Rb1 45. Rd1 Rb2+ 46. Rd2 h6 {Alexandr still
hopes to win the game.} 47. Nd3 Rb8 48. Rd1 f6 49. Rg1 Kf7 50. Kd2 {Black
still has slightly better chances, but the a3-pawn is not only an asset, it
might be a weakness soon.} hxg5 51. hxg5 Rh8 52. Kc2 Rh3 53. gxf6 Kxf6 (53...
Bxf6 54. Ne5+ Bxe5 55. fxe5 Rh8 56. Kb3 Rb8+ 57. Kxa3 Kg7 $44) 54. Ne5 Kf5 55.
Nxg6 {White has won a pawn and now he has the upper hand.} Bf6 56. Rg2 Bd8 57.
Ne5 Kxf4 58. Rf2+ Ke4 59. Re2+ Kf5 60. Nc6 Bg5 61. Re5+ Kf6 62. Nd8 Re3 $6 {
The endgame is drawish but Black can make a draw after} (62... Rh2+ 63. Kb3
Rb2+ 64. Kxa3 Rb6 65. Rxe6+ Rxe6 66. Nxe6 Kxe6 67. Kb4 $11) 63. Rxe3 Bxe3 64.
Nc6 Kf5 65. Kb3 Bc1 66. Nb4 Ke4 67. Na6 Kf5 $2 (67... Bd2 68. Nc5+ Kf5 69. Na4
Bc1 70. Nb6 Ke4 71. Nd7 Bd2 72. Nc5+ Kf5 $11) 68. Nc5 $2 ({White could have
won the a3-pawn after} 68. Nc7 Bg5 69. Kxa3 e5 70. dxe5 Kxe5 71. Nb5 {The
position is still drawish but White has some practical chances.}) 68... Bd2 69.
Nd3 Ke4 70. Kc2 Bh6 71. Nc5+ Kf5 72. Nd7 Bf4 73. Kb3 Bd2 74. Ne5 Ke4 75. Nc6
Kd3 76. Nb4+ Ke4 77. Nc2 Kd3 78. Nb4+ Ke4 79. Kc2 Bh6 80. Nc6 Bf4 81. Kb3 Bd2
82. Na7 e5 $6 (82... Kd3 83. Nb5 Be1 $11) 83. dxe5 Kxe5 84. Nb5 Ke4 $6 {
Now Black is in trouble.} (84... Ke6 85. Kxa3 Kd7 86. Kb4 Kc6 87. a4 Bf4 88.
Nd4+ Kb6 89. Nf3 Bd6+ 90. Kb3 {The position is drawish.}) 85. Kxa3 Bg5 86. Kb3
Ke5 $6 {After this move Black needs to play very precisely} (86... Kd3 87. Nd4
Bf6 88. Nb5 Bd8 89. a4 Ba5 $11) 87. a4 Ke6 88. Kb4 Be7+ 89. Ka5 Bd8+ 90. Ka6
Kd7 91. a5 Kc8 92. Nd4 Bh4 93. Kb6 Bd8+ $2 {The decisive mistake.} (93... Be1
$1 94. Nb5 Kb8 95. a6 (95. Kc6 d4 $1 $11) 95... Bf2+ 96. Kc6 Be1 97. Kxd5 Bxc3
$11) 94. Kb5 Kb7 95. a6+ Ka8 96. Ne6 $18 {Game is over now.} Bh4 97. Nc7+ Ka7
98. Nxd5 Bf2 99. c4 Bg1 100. Nb4 Bf2 101. Nc6+ Ka8 102. Ne7 Ka7 103. Nc8+ Kb8
104. Nd6 Ka7 105. Ne4 Be3 106. c5 Bd4 107. c6 Be5 108. Nc5 Bg3 109. Ne4 Bh2
110. Nc3 Bg3 111. Nd5 Kb8 112. Kc5 Kc8 113. a7 Bf2+ 114. Kd6 1-0

[Event "FIDE World Cup"]
[Site "Tbilisi"]
[Date "2017.09.05"]
[Round "1.3"]
[White "Demchenko, Anton"]
[Black "Areshchenko, Alexander"]
[Result "1-0"]
[WhiteElo "2645"]
[BlackElo "2652"]
[PlyCount "79"]
[EventDate "2017.09.03"]
[EventType "k.o."]
[EventRounds "7"]
[EventCountry "GEO"]
[SourceTitle "CBM 181"]
[Source "ChessBase"]
[SourceDate "2017.11.10"]
[SourceVersion "1"]
[SourceVersionDate "2017.11.10"]
[SourceQuality "1"]

1. e4 c5 2. Nf3 d6 3. d4 cxd4 4. Nxd4 Nf6 5. Nc3 a6 6. a3 e5 7. Nf5 d5 8. Bg5
d4 9. Bxf6 gxf6 10. Nb1 Bxf5 11. exf5 Qd5 12. Qd3 Qa5+ 13. Nd2 Bb4 14. O-O-O
Bxd2+ 15. Qxd2 Qxd2+ 16. Rxd2 Nd7 17. Bc4 Rc8 18. Bd5 Rc7 19. Re1 Kf8 20. f4
Rg8 21. Kb1 b5 22. g3 a5 23. Rf2 h6 24. fxe5 fxe5 25. f6 Rg6 26. Ref1 Nb6 27.
Be4 Rg4 28. Bd3 Nc4 29. Re1 Rc5 30. a4 Nd6 31. axb5 e4 32. Be2 Rgg5 33. Rd1
Rgd5 34. Rf4 a4 35. b6 Rc6 36. c4 Nxc4 37. b7 Rb5 38. Rxd4 Rxb2+ 39. Ka1 Kg8
40. Rg4+ 1-0

[Event "FIDE World Cup"]
[Site "Tbilisi"]
[Date "2017.09.05"]
[Round "1.3"]
[White "Fedoseev, Vladimir1"]
[Black "Bacallao Alonso, Yusnel"]
[Result "1-0"]
[WhiteElo "2731"]
[BlackElo "2573"]
[PlyCount "49"]
[EventDate "2017.09.03"]
[EventType "k.o."]
[EventRounds "7"]
[EventCountry "GEO"]
[SourceTitle "CBM 181"]
[Source "ChessBase"]
[SourceDate "2017.11.10"]
[SourceVersion "1"]
[SourceVersionDate "2017.11.10"]
[SourceQuality "1"]

1. e4 c6 2. d4 d5 3. exd5 cxd5 4. Bd3 Nc6 5. c3 Qc7 6. Ne2 Bg4 7. O-O e6 8. Qe1
Bxe2 9. Qxe2 Bd6 10. g3 Nge7 11. Nd2 O-O-O 12. f4 Nf5 13. Nf3 h5 14. Bd2 Kb8
15. b4 Rhe8 16. a4 f6 17. a5 g6 18. Rae1 Re7 19. Qf2 Rc8 20. a6 b6 21. Ne5 Rg8
22. Nxg6 Rxg6 23. Rxe6 Nh4 24. Bxg6 Nxg6 25. Rxf6 1-0

[Event "FIDE World Cup"]
[Site "Tbilisi"]
[Date "2017.09.05"]
[Round "1.3"]
[White "Jobava, Baadur"]
[Black "Salgado Lopez, Ivan"]
[Result "1/2-1/2"]
[WhiteElo "2687"]
[BlackElo "2627"]
[PlyCount "74"]
[EventDate "2017.09.03"]
[EventType "k.o."]
[EventRounds "7"]
[EventCountry "GEO"]
[SourceTitle "CBM 181"]
[Source "ChessBase"]
[SourceDate "2017.11.10"]
[SourceVersion "1"]
[SourceVersionDate "2017.11.10"]
[SourceQuality "1"]

1. e4 c5 2. Ne2 Nc6 3. Nbc3 Nf6 4. d4 cxd4 5. Nxd4 e5 6. Ndb5 d6 7. Nd5 Nxd5 8.
exd5 Nb8 9. a4 Be7 10. Be2 O-O 11. O-O Nd7 12. a5 a6 13. Nc3 Bg5 14. Ne4 Bxc1
15. Qxc1 Nc5 16. Nxc5 dxc5 17. Rd1 Qd6 18. Ra3 Rb8 19. Qe3 Bf5 20. c4 b6 21.
Rd2 b5 22. h4 b4 23. Ra1 Rbd8 24. Re1 Bd7 25. Bd3 Rde8 26. Qg3 Re7 27. Rde2
Rfe8 28. Qg5 f6 29. Qg3 f5 30. f3 Qf6 31. Qg5 h6 32. Qxf6 gxf6 33. Kf2 Rg7 34.
f4 e4 35. Re3 Kf7 36. Be2 Reg8 37. g3 Ke7 1/2-1/2

[Event "FIDE World Cup"]
[Site "Tbilisi"]
[Date "2017.09.05"]
[Round "1.3"]
[White "Karjakin, Sergey"]
[Black "Smirnov, Anton"]
[Result "1-0"]
[WhiteElo "2773"]
[BlackElo "2508"]
[PlyCount "105"]
[EventDate "2017.09.03"]
[EventType "k.o."]
[EventRounds "7"]
[EventCountry "GEO"]
[SourceTitle "CBM 181"]
[Source "ChessBase"]
[SourceDate "2017.11.10"]
[SourceVersion "1"]
[SourceVersionDate "2017.11.10"]
[SourceQuality "1"]

1. e4 e5 2. Nf3 Nf6 3. Nxe5 d6 4. Nf3 Nxe4 5. d4 d5 6. Bd3 Bd6 7. O-O O-O 8. c4
c6 9. Re1 Bf5 10. Qb3 Na6 11. cxd5 cxd5 12. Nc3 Nb4 13. Bxe4 dxe4 14. Nxe4 Be6
15. Qd1 Rc8 16. Bg5 Qd7 17. Re2 f6 18. Nxd6 Qxd6 19. Bf4 Qd7 20. a3 Nc6 21. Rc1
Bd5 22. Rd2 Rfe8 23. h3 Bxf3 24. gxf3 Qxh3 25. d5 Ne5 26. Rxc8 Qxc8 27. d6 Qd7
28. Kg2 Ng6 29. Bg3 Nf8 30. Rc2 Ne6 31. Qd5 Kf8 32. Qf5 Rc8 33. Rc7 Rxc7 34.
dxc7 h6 35. Qc2 Qc8 36. Qd3 Kf7 37. Qd5 g5 38. a4 h5 39. b4 h4 40. Bd6 b6 41.
a5 bxa5 42. bxa5 a6 43. Qb3 Ke8 44. Qa4+ Kf7 45. Qc4 Ke8 46. Qc6+ Kf7 47. Kh2
Nd4 48. Qd5+ Ne6 49. Qf5 Qd7 50. Kg1 Qc8 51. Be5 Ke7 52. Qh7+ Ke8 53. Bd6 1-0

[Event "FIDE World Cup"]
[Site "Tbilisi"]
[Date "2017.09.05"]
[Round "1.3"]
[White "Lenic, Luka"]
[Black "Fressinet, Laurent"]
[Result "1/2-1/2"]
[WhiteElo "2646"]
[BlackElo "2650"]
[PlyCount "27"]
[EventDate "2017.09.03"]
[EventType "k.o."]
[EventRounds "7"]
[EventCountry "GEO"]
[SourceTitle "CBM 181"]
[Source "ChessBase"]
[SourceDate "2017.11.10"]
[SourceVersion "1"]
[SourceVersionDate "2017.11.10"]
[SourceQuality "1"]

1. d4 Nf6 2. c4 e6 3. Nf3 d5 4. Nc3 Be7 5. Bf4 O-O 6. e3 b6 7. Bd3 dxc4 8. Bxc4
Ba6 9. Bxa6 Nxa6 10. Qe2 Qc8 11. O-O c5 12. Rfd1 Qb7 13. dxc5 Nxc5 14. Bd6
1/2-1/2

[Event "FIDE World Cup"]
[Site "Tbilisi"]
[Date "2017.09.05"]
[Round "1.3"]
[White "Melkumyan, Hrant"]
[Black "Grachev, Boris V"]
[Result "1/2-1/2"]
[WhiteElo "2642"]
[BlackElo "2654"]
[PlyCount "133"]
[EventDate "2017.09.03"]
[EventType "k.o."]
[EventRounds "7"]
[EventCountry "GEO"]
[SourceTitle "CBM 181"]
[Source "ChessBase"]
[SourceDate "2017.11.10"]
[SourceVersion "1"]
[SourceVersionDate "2017.11.10"]
[SourceQuality "1"]

1. c4 e6 2. g3 d5 3. Bg2 Nf6 4. d4 dxc4 5. Nf3 c5 6. O-O Nc6 7. Na3 cxd4 8.
Nxc4 Bc5 9. b3 Qe7 10. Nfe5 Nxe5 11. Nxe5 O-O 12. Bb2 Rd8 13. Rc1 Rb8 14. Qc2
Bb6 15. Rfd1 Nd7 16. Nc4 e5 17. e3 Nf6 18. Nxb6 axb6 19. exd4 e4 20. d5 Bf5 21.
Qc3 h6 22. Qe5 Qxe5 23. Bxe5 Ra8 24. Bxf6 gxf6 25. a4 Rd6 26. Rd4 Re8 27. Re1
Bg6 28. Re3 f5 29. f3 Re5 30. Kf2 Rexd5 31. Rxd5 Rxd5 32. fxe4 fxe4 33. Bxe4
Rd2+ 34. Kf3 Bxe4+ 35. Rxe4 Rxh2 36. Rb4 Rd2 37. Rxb6 Rd7 38. Ke4 Kg7 39. a5 h5
40. b4 Re7+ 41. Kf4 f6 42. Kf5 Re5+ 43. Kf4 Re7 44. Rd6 Kg6 45. Rd5 Rc7 46. Ke4
Rc3 47. Rb5 Rxg3 48. Rxb7 Ra3 49. Rb8 h4 50. Kd4 Kg7 51. Rb7+ Kg6 52. Rb8 Kg7
53. Rc8 h3 54. Rc2 Kg6 55. Kc5 Kg5 56. Kb6 Kg4 57. a6 Kg3 58. a7 h2 59. Rc1 Kg2
60. Kb7 h1=Q 61. Rxh1 Kxh1 62. b5 f5 63. b6 f4 64. Kc8 f3 65. b7 Rxa7 66. b8=Q
f2 67. Qxa7 1/2-1/2

[Event "FIDE World Cup"]
[Site "Tbilisi"]
[Date "2017.09.05"]
[Round "1.3"]
[White "Nisipeanu, Liviu Dieter"]
[Black "Sevian, Samuel"]
[Result "1/2-1/2"]
[WhiteElo "2687"]
[BlackElo "2620"]
[PlyCount "77"]
[EventDate "2017.09.03"]
[EventType "k.o."]
[EventRounds "7"]
[EventCountry "GEO"]
[SourceTitle "CBM 181"]
[Source "ChessBase"]
[SourceDate "2017.11.10"]
[SourceVersion "1"]
[SourceVersionDate "2017.11.10"]
[SourceQuality "1"]

1. Nf3 d5 2. d4 Nf6 3. c4 c6 4. e3 Bf5 5. Nc3 e6 6. Bd3 Bxd3 7. Qxd3 Nbd7 8.
O-O Bd6 9. e4 dxe4 10. Nxe4 Nxe4 11. Qxe4 O-O 12. Bg5 Nf6 13. Qe2 h6 14. Bh4
Be7 15. Rad1 Re8 16. Ne5 Nd7 17. Qh5 Rf8 18. Bg3 Nf6 19. Qe2 Qa5 20. b3 Rad8
21. Bh4 Qb6 22. Rd3 Rfe8 23. Rfd1 Nd7 24. Bxe7 Rxe7 25. Ng4 h5 26. Ne5 Nf6 27.
Qe3 Nh7 28. Qf4 Qa5 29. a4 f6 30. Ng6 Red7 31. Qe4 Ng5 32. Qe3 Qf5 33. Nf4 h4
34. h3 Kf7 35. Ne2 Qe4 36. Qd2 Qf5 37. Qe3 Qe4 38. Qd2 Qf5 39. Qe3 1/2-1/2

[Event "FIDE World Cup"]
[Site "Tbilisi"]
[Date "2017.09.05"]
[Round "1.3"]
[White "Palac, Mladen"]
[Black "Nepomniachtchi, Ian"]
[Result "1/2-1/2"]
[WhiteElo "2525"]
[BlackElo "2751"]
[PlyCount "61"]
[EventDate "2017.09.03"]
[EventType "k.o."]
[EventRounds "7"]
[EventCountry "GEO"]
[SourceTitle "CBM 181"]
[Source "ChessBase"]
[SourceDate "2017.11.10"]
[SourceVersion "1"]
[SourceVersionDate "2017.11.10"]
[SourceQuality "1"]

1. e4 c5 2. Nf3 d6 3. d4 cxd4 4. Nxd4 Nf6 5. Nc3 a6 6. Be3 Ng4 7. Bc1 Nf6 8.
Be3 Ng4 9. Bg5 h6 10. Bh4 g5 11. Bg3 Bg7 12. h3 Ne5 13. Qd2 Nbc6 14. O-O-O Nxd4
15. Qxd4 Be6 16. Nd5 Rc8 17. f4 Bxd5 18. exd5 gxf4 19. Bxf4 Kf8 20. Qf2 Qa5 21.
a3 Rc5 22. Bd2 Qa4 23. Be3 Rc8 24. Kb1 Qe4 25. Rd4 Qg6 26. Bd3 Nxd3 27. Rxd3
Qf6 28. Qxf6 Bxf6 29. Bd4 Bxd4 30. Rxd4 h5 31. Rf1 1/2-1/2

[Event "FIDE World Cup"]
[Site "Tbilisi"]
[Date "2017.09.05"]
[Round "1.3"]
[White "Rodshtein, Maxim"]
[Black "Hovhannisyan, Robert"]
[Result "1-0"]
[WhiteElo "2695"]
[BlackElo "2606"]
[PlyCount "65"]
[EventDate "2017.09.03"]
[EventType "k.o."]
[EventRounds "7"]
[EventCountry "GEO"]
[SourceTitle "CBM 181"]
[Source "ChessBase"]
[SourceDate "2017.11.10"]
[SourceVersion "1"]
[SourceVersionDate "2017.11.10"]
[SourceQuality "1"]

1. d4 d5 2. c4 e6 3. Nf3 Nf6 4. g3 dxc4 5. Bg2 Bd7 6. Ne5 Bc6 7. Nxc6 Nxc6 8.
O-O Qd7 9. e3 Rd8 10. Qc2 e5 11. dxe5 Nxe5 12. Nd2 b5 13. a4 a6 14. axb5 axb5
15. b3 Bb4 16. bxc4 O-O 17. cxb5 Qxb5 18. Ne4 Nxe4 19. Bxe4 Nd3 20. Ba3 c5 21.
Rfd1 c4 22. Rab1 Qc5 23. Bxh7+ Kh8 24. Bxd3 Bxa3 25. Bxc4 Rxd1+ 26. Rxd1 g6 27.
Rd7 Kg7 28. Qc3+ Kg8 29. Qb3 Bb4 30. Bxf7+ Kh8 31. Bc4 Rxf2 32. Kxf2 Qf5+ 33.
Kg1 1-0

[Event "FIDE World Cup"]
[Site "Tbilisi"]
[Date "2017.09.05"]
[Round "1.3"]
[White "Tari, Aryan"]
[Black "Howell, David"]
[Result "1/2-1/2"]
[WhiteElo "2591"]
[BlackElo "2702"]
[PlyCount "71"]
[EventDate "2017.09.03"]
[EventType "k.o."]
[EventRounds "7"]
[EventCountry "GEO"]
[SourceTitle "CBM 181"]
[Source "ChessBase"]
[SourceDate "2017.11.10"]
[SourceVersion "1"]
[SourceVersionDate "2017.11.10"]
[SourceQuality "1"]

1. d4 Nf6 2. c4 e6 3. Nf3 d5 4. Nc3 Be7 5. Bf4 O-O 6. e3 Nbd7 7. Be2 dxc4 8.
O-O c5 9. dxc5 Bxc5 10. Bxc4 a6 11. Ne5 Nxe5 12. Bxe5 Qxd1 13. Rfxd1 b5 14. Bd3
Bb7 15. Bxf6 gxf6 16. Be4 Rab8 17. Bxb7 Rxb7 18. Ne4 Be7 19. Rac1 f5 20. Nc5
Ra7 21. Kf1 a5 22. Ke2 a4 23. Nd3 Rd8 24. Ne5 Rxd1 25. Kxd1 Kg7 26. Rc8 Rb7 27.
g3 Bd6 28. Nd3 Kf6 29. Rh8 Kg7 30. Rd8 Be7 31. Rc8 Kf6 32. h4 Bd6 33. Rc6 Ke7
34. Rc8 Kf6 35. Rc6 Ke7 36. Rc8 1/2-1/2

[Event "FIDE World Cup"]
[Site "Tbilisi"]
[Date "2017.09.05"]
[Round "1.3"]
[White "Tomashevsky, Evgeny"]
[Black "Antipov, Mikhail Al"]
[Result "1-0"]
[WhiteElo "2710"]
[BlackElo "2580"]
[PlyCount "99"]
[EventDate "2017.09.03"]
[EventType "k.o."]
[EventRounds "7"]
[EventCountry "GEO"]
[SourceTitle "CBM 181"]
[Source "ChessBase"]
[SourceDate "2017.11.10"]
[SourceVersion "1"]
[SourceVersionDate "2017.11.10"]
[SourceQuality "1"]

1. d4 Nf6 2. c4 e6 3. Nf3 Bb4+ 4. Bd2 a5 5. e3 b6 6. Bd3 Bb7 7. Nc3 d6 8. O-O
Nbd7 9. Qe2 Bxc3 10. Bxc3 Be4 11. Nd2 Bxd3 12. Qxd3 Qe7 13. e4 e5 14. Rfe1 Nh5
15. Qf3 Qg5 16. Nf1 Nf4 17. Ne3 O-O 18. Rad1 Rfe8 19. Qg3 Qxg3 20. hxg3 exd4
21. Bxd4 Ne6 22. Nd5 Ndc5 23. b3 Nxd4 24. Rxd4 Rac8 25. Re3 f6 26. f3 Kf7 27.
a3 c6 28. Nf4 Rcd8 29. Kf2 Ne6 30. Rd1 Re7 31. Ne2 Nc5 32. b4 Na4 33. Rb3 Rc7
34. g4 h6 35. Rd2 axb4 36. axb4 b5 37. c5 Rcd7 38. Rbd3 d5 39. exd5 Rxd5 40.
Rxd5 Rxd5 41. Rxd5 cxd5 42. Ke3 g5 43. Kd3 Nb2+ 44. Kd4 Nd1 45. Kxd5 Ne3+ 46.
Kc6 Nxg2 47. Kxb5 Ne3 48. Kc6 f5 49. b5 fxg4 50. fxg4 1-0